Normal view
MARC view
Entry Nombre personal
001 - NÚMERO DE CONTROL
- campo de control: 176746
003 - IDENTIFICADOR DEL NÚMERO DE CONTROL
- campo de control: OSt
005 - FECHA Y HORA DE LA ÚLTIMA TRANSACCIÓN
- campo de control: 20220601073820.0
008 - DATOS DE LONGITUD FIJA
- campo de control de longitud fija: 220601|| aca||aabn | a|a d
040 ## - FUENTE DE LA CATALOGACIÓN
- Centro catalogador/agencia de origen: OSt
- Centro/agencia transcriptor: OSt
100 ## - ENCABEZAMIENTO-NOMBRE DE PERSONA
- Nombre de persona: Mcleroy, George B., coaut. \ Ocampo Camberos, Luis, tr. \ Auró Angulo, Ana Ma., tr.Ì
670 ## - FUENTE DE DATOS ENCONTRADOS
- Cita de la fuente: Work cat.: (OSt)209937: Devendra, C. 32305, Producción de cabras y ovejas en los trópicos / C. Devendra y G. B. McLeroy; tradución Luis Ocampo Camberos y Ana Ma. Auró
